000 00852nam a2200277 a 4500
001 000030535
003 DO-SdBPM
005 20250428093300.0
007 000030535
008 110523s1977 dr a 000 0 spa d
020 _a8449904250
040 _aDO-SdBPM
_bspa
_cBPMSU
082 4 _aRD863.44
_bC117g 1977
_222
100 1 _aCabral, Lucia Amelia
245 1 0 _aGabino /
_cLucia Amelia Cabral, ilustraciones de Roberto Flores.
260 _aSanto Domingo :
_bSargazo,
_c1977.
300 _a[12 p.] ;
_c29 cm.
500 _aAño internacional del niño
590 _aInventariado, 2025/ VM
650 4 _aCuentos infantiles dominicanos
650 4 _aLibros ilustrados para niños
650 4 _a Literatura infantil dominicana
700 1 _aFlores, Roberto
_eilustraciones
910 _aVMateo V. Control de calidad. BPMSU
942 _2ddc
_cBK
999 _c7326
_d7326